书目信息 |
| 题名: |
多肉植物馆
|
|
| 作者: | ;慢生活工坊 编著 | |
| 分册: | ||
| 出版信息: | 北京 电子工业出版社 2016 |
|
| 页数: | 160页 | |
| 开本: | 21cm | |
| 丛书名: | ||
| 单 册: | ||
| 中图分类: | S682.33 | |
| 科图分类: | ||
| 主题词: | 多浆植物--Duo Jiang Zhi Wu--观赏园艺 | |
| 电子资源: | ||
| ISBN: | 978-7-121-26329-3 | |
| 000 | 01119nam0 2200241 450 | |
| 001 | 1675930829 | |
| 005 | 20150910094015.7 | |
| 010 | @a978-7-121-26329-3@dCNY39.80 | |
| 100 | @a20150910d2016 em y0chiy0120 ea | |
| 101 | 0 | @achi |
| 102 | @aCN@b110000 | |
| 105 | @aa z 000yy | |
| 106 | @ar | |
| 200 | 1 | @a多肉植物馆@ADuo Rou Zhi Wu Guan@f慢生活工坊编著 |
| 210 | @a北京@c电子工业出版社@d2016 | |
| 215 | @a160页@c彩图@d21cm | |
| 330 | @a本书涵盖了图鉴、养护、多肉组合等多方面的知识,从土壤、阳光、水分、施肥、繁殖、病虫害等多方面讲授种植要点,在精美照片的基础上加入手绘插画,并配合详细的步骤说明,图文结合,增加了阅读的便捷性和趣味性。本书共分五个部分,第一部分介绍多肉的基础知识,包括容器、介质和日常养护等内容,第二部分是只用一种多肉植物制作盆栽的内容,第三部分介绍多种多肉植物组合在一起的盆栽实例,第四部分是用极具创意的器具来制作多肉盆栽,第五部分讲解多肉繁殖和修剪等方面的内容。 | |
| 333 | @a适合农业科技工作者 | |
| 606 | 0 | @a多浆植物@ADuo Jiang Zhi Wu@x观赏园艺 |
| 690 | @aS682.33@v5 | |
| 711 | 02 | @a慢生活工坊@AMan Sheng Huo Gong Fang@4编著 |
| 801 | 0 | @aCN@b江苏新华@c20150511 |
| 905 | @aBZT@dS682.33@e12 | |
| 多肉植物馆/慢生活工坊编著.-北京:电子工业出版社,2016 |
| 160页:彩图;21cm |
| 使用对象:适合农业科技工作者 |
| ISBN 978-7-121-26329-3:CNY39.80 |
| 本书涵盖了图鉴、养护、多肉组合等多方面的知识,从土壤、阳光、水分、施肥、繁殖、病虫害等多方面讲授种植要点,在精美照片的基础上加入手绘插画,并配合详细的步骤说明,图文结合,增加了阅读的便捷性和趣味性。本书共分五个部分,第一部分介绍多肉的基础知识,包括容器、介质和日常养护等内容,第二部分是只用一种多肉植物制作盆栽的内容,第三部分介绍多种多肉植物组合在一起的盆栽实例,第四部分是用极具创意的器具来制作多肉盆栽,第五部分讲解多肉繁殖和修剪等方面的内容。 |
| ● |
| 相关链接 |
|
|
|
正题名:多肉植物馆
索取号:S682.33/12
 
预约/预借
| 序号 | 登录号 | 条形码 | 馆藏地/架位号 | 状态 | 备注 |
| 1 | 800795 | 2000800795 | 第二书库/ [索取号:S682.33/12] | 在馆 | |
| 2 | 800796 | 2000800796 | 第二书库/ [索取号:S682.33/12] | 在馆 | |
| 3 | 800797 | 2000800797 | 第二书库/ [索取号:S682.33/12] | 在馆 |